Klicke die Städte der USA auf einer Karte - Statistiken

Allgemein
  • Dieses Quiz wurde 123 mal gespielt
  • Das Durchschnittsergebnis liegt bei 18 aus 25
Antworten auf der Karte
Die Antworten werden auf der Karte rot bzw. grün angezeigt, abhängig davon wie oft sie richtig erraten wurden.
 
Antwortstatistiken
Antwort % Korrekt
Las Vegas
95%
Honolulu
93%
San Francisco
92%
New Orleans
88%
Miami
86%
Chicago
85%
Houston
82%
Los Angeles
82%
Nashville
77%
Philadelphia
77%
New York
74%
Seattle
74%
Denver
73%
Minneapolis
73%
Boston
71%
Phoenix
71%
Anchorage
70%
Atlanta
67%
Orlando
67%
Detroit
64%
Portland
62%
Washington DC
61%
St. Louis
58%
San Antonio
52%
Dallas
51%
Keine übereinstimmenden Quizze gefunden
Verteilung der Resultate
Anzahl Personen mit jedem Resultat
Perzentil nach korrekt beantworteten Fragen
Ihre Resultats-Entwicklung
Sie haben dieses Quiz noch nicht gespielt